Family history / (Record no. 53587)
[ view plain ]
| 000 -LEADER | |
|---|---|
| fixed length control field | 01093nam a22002417a 4500 |
| 005 - DATE AND TIME OF LATEST TRANSACTION | |
| control field | 20110704123752.0 |
| 010 ## - LCCN (DPL NO) | |
| LC control number | B-430974 |
| 020 ## - INTERNATIONAL STANDARD BOOK NUMBER | |
| International Standard Book Number | 9780195663600 |
| Terms of availability | 345.00 |
| 020 ## - INTERNATIONAL STANDARD BOOK NUMBER | |
| International Standard Book Number | 0195663608 |
| Terms of availability | 345.00 |
| 035 ## - SYSTEM CONTROL NUMBER | |
| System control number | B-430974 |
| 037 ## - SOURCE OF ACQUISITION | |
| Stock number | Allied Pub/Ven |
| 082 ## - DEWEY DECIMAL CLASSIFICATION NUMBER | |
| Classification number | 954.0841092 |
| 100 ## - MAIN ENTRY--PERSONAL NAME | |
| Personal name | Majumdar, Janaki Agnes Penelope, |
| Dates associated with a name | 1886-1963 |
| 245 ## - TITLE STATEMENT | |
| Title | Family history / |
| Remainder of title | by Janaki Agnes Penelope Majumdar (neÌe Bonnerjee) ; edited and with an introduction by Antoinette Burton. |
| 260 ## - PUBLICATION, DISTRIBUTION, ETC. (IMPRINT) | |
| Place of publication, distribution, etc | New Delhi |
| Name of publisher, distributor, etc | Oxford University Press |
| Date of publication, distribution, etc | 2003 |
| 300 ## - PHYSICAL DESCRIPTION | |
| Extent | xxx, 149 p. ; |
| Dimensions | 23cm. (pbk) |
| 500 ## - GENERAL NOTE | |
| General note | Includes bibliographical references |
| 600 ## - SUBJECT ADDED ENTRY--PERSONAL NAME | |
| Personal name | Majumdar family. |
| 600 ## - SUBJECT ADDED ENTRY--PERSONAL NAME | |
| Personal name | Bonnerjee family. |
| 942 ## - ADDED ENTRY ELEMENTS (KOHA) | |
| Source of classification or shelving scheme | Dewey Decimal Classification |
| Item type | English Books |
| Classification part | 954.0841092 |
| Call number suffix | MAJ |
| Withdrawn status | Lost status | Not for loan | Collection code | Home library | Current library | Date acquired | Source of acquisition | Cost, normal purchase price | Full call number | Barcode | Copy number | Cost, replacement price | Koha item type |
|---|---|---|---|---|---|---|---|---|---|---|---|---|---|
| Non-fiction | Central Library | Central Library | 07/07/2011 | Allied Pub/2951/29.3.11/78/14.3.11/31.3.11 | 345.00 | 954.0841092 MAJ | B-430974 | 1 | 345.00 | English Books |
